000 01213cam a22003015i 4500
001 17966622
003 NUST-PNEC
005 20170116180704.0
008 131209s2014 ohu 000 0 eng
020 _a0495667994
020 _a9780495667995
040 _aDLC
_beng
_cPNEC
_erda
042 _apcc
082 _a621.402 JAN
100 1 _aJanna, William S.
245 1 0 _aDesign of fluid thermal systems /
_cWilliam S. Janna.
_bSI Edition
250 _a3rd ed.
260 _aAustralia
_bCengage Learning, USA
_cc2011.
300 _axvii, 634 p.:
_bill. :
_c23 cm.
500 _aIncludes Index http://www.amazon.com/Design-Fluid-Thermal-Systems-Version/dp/0495667994/ref=sr_1_1?s=books&ie=UTF8&qid=1410930569&sr=1-1&keywords=0495667994
650 _xME
856 4 2 _3Contributor biographical information
_uhttp://www.loc.gov/catdir/enhancements/fy1405/2013957152-b.html
856 4 2 _3Publisher description
_uhttp://www.loc.gov/catdir/enhancements/fy1405/2013957152-d.html
856 4 1 _3Table of contents only
_uhttp://www.loc.gov/catdir/enhancements/fy1405/2013957152-t.html
906 _a0
_bibc
_corignew
_d3
_eepcn
_f20
_gy-gencatlg
942 _2ddc
_cBK
999 _c60660
_d60660